Fuego: para encender la mecha de una nueva organización empresarial (Registro nro. 5517)

Detalles MARC
000 -CABECERA
campo de control de longitud fija 00631ata a2200229 4500
005 - FECHA Y HORA DE ACTUALIZACIÓN
campo de control 20160830114825.0
008 - LONGITUD FIJA
campo de control de longitud fija 150514b xxu||||| |||| 00| 0 spa d
041 ## - IDIOMA
Código de idioma del texto/pista de sonido o título separado
082 ## - CLASIFICACIÓN DECIMAL DEWEY
Número de clasificación 658.1 C886f
100 ## - AUTOR PERSONAL
Nombre de persona Crainer, Stuart
100 ## - AUTOR PERSONAL
Nombre de persona Dearlove, Des
245 ## - TÍTULO PROPIAMENTE DICHO
Título Fuego: para encender la mecha de una nueva organización empresarial
260 ## - PIE DE IMPRENTA
Lugar de publicación, distribución, etc. España
Nombre del editor, distribuidor, etc. Prentice-Hall
Fecha de publicación, distribución, etc. 2002
300 ## - DESCRIPCIÓN FÍSICA
Extensión 321 páginas
650 ## - Materia General
Materia general ORGANIZACIÓN
650 ## - Materia General
Materia general DOWNSIZING
650 ## - Materia General
Materia general VALORES
650 ## - Materia General
Materia general METAS
650 ## - Materia General
Materia general MISIÓN
650 ## - Materia General
Materia general TRABAJO EN EQUIPO
942 ## - Punto de Acceso Adicional Koha
Tipo de ítem Koha Libro
Existencias
Estado perdido Estado dañado No para préstamo Biblioteca permanente Biblioteca actual Signatura completa Código de barras Precio efectivo a partir del Tipo de ítem
      Departamento de Biblioteca y Documentación Alfonso Chase Brenes Departamento de Biblioteca y Documentación Alfonso Chase Brenes 658.1 C886f 9391 30/08/2016 Libro